000 00336 a2200157 4500
001 59042
020 _a8508018312
040 _cAnchieta - Pituba
100 _aTavares, Luís Henrique Dias
240 1 0 _aHistória da Bahia
_lpor
245 1 0 _aHistória da Bahia
300 _a206
362 0 _a1987
650 4 _aBahia
942 _cBK
999 _c59042
_d59042